Camino de las horas

Kaydedildi:
Detaylı Bibliyografya
Yazar: Prado, Pedro (Yazar)
Materyal Türü: Kitap
Dil:İspanyolca
Baskı/Yayın Bilgisi: Santiago Nascimento 1934
Edisyon:1a. ed
Konular:
Etiketler: Etiketle
Etiket eklenmemiş, İlk siz ekleyin!

MARC

LEADER 00000nam a2200000 a 4500
001 UCQ6250
003 CL-VaPUC
008 981009e19340000CL |||||||||||||||||spa|d
082 0 4 |a Ch861  |b PRA  |2 21 
100 0 |a Prado, Pedro  |e author  |9 315575 
245 1 0 |a Camino de las horas 
250 |a 1a. ed 
300 |a 148 p 
942 |c BK 
945 |d 19981009 00:00:00  |a crobeson 
260 |a Santiago  |b Nascimento  |c 1934 
650 0 |a Poesías chilenas   |9 265280 
650 0 |a Literatura chilena   |9 308278 
583 |a last modification  |c 19981009 00:00:00  |k Rodrigo Vera 
999 |c 276251  |d 276249 
952 |0 0  |1 0  |4 0  |6 CH_861_000000000000000_PRA_1934  |7 0  |8 A  |9 313409  |a BIBEDU  |b BIBEDU  |d 2019-11-20  |i 1477382  |o Ch861 PRA 1934  |p 1477382  |r 2019-11-20  |w 2019-11-20  |y BK  |k LIT 
952 |0 0  |1 0  |4 0  |6 CH_861_000000000000000_PRA_1934  |7 0  |8 X  |9 313410  |a FDOBUD  |b FDOBUD  |d 2019-11-20  |i 1006967  |o Ch861 PRA 1934  |p 1006967  |r 2019-11-20  |w 2019-11-20  |y BK_X  |k BUD